LEADER 01346nam a2200265 4500 001 000000363486 003 CaOOAMICUS 005 20250715163037.0 008 250707s2024 it a 000 u ita r 020 $a978-88-492-5151-7 040 $aSeMil$bita 245 00$aAdeguare per celebrare : $batti del Convegno nazionale "L'adeguamento liturgico come progetto. Un cammino ecclesiale nella cultura del nostro tempo ... [etc.] : Cremona, 27-28 giugno 2023 /$ca cura di Massimiliano Valdinoci. 264 1$aRoma :$bGangemi,$cstampa 2024. 300 $a238 p. :$bill. ;$c24 cm 500 $aIn cop. : Architettura/Comunitą 650 4$aLiturgia - Studi.$0(OLS)http://semarc/subject/166 700 1 $aValdinoci, Massimiliano.$0(OLS)http://semarc/name/122374 850 $aSeMil 852 $aSeMil$W1$xVenegono$y1$m3K IV 285$j259757$B254458$CSeMilBibl$Z2$F254458 $81 941 1 $a7 961 $aOmaggio mons. Mario Delpini 996 $6020$a978-88-492-5151-7$9(OLS)http://semarc/number/303586 996 $6245$aAdeguare per celebrare : $batti del Convegno nazionale "L'adeguamento liturgico come progetto. Un cammino ecclesiale nella cultura del nostro tempo ... [etc.] : Cremona, 27-28 giugno 2023$9(OLS)http://semarc/title/454681 996 $6264$aRoma :$bGangemi$9(OLS)http://semarc/publisher/33331 LEADER 01562nam a2200313 i 4500 001 000000183500 003 CaOOAMICUS 005 20181019161929.0 008 091117s2009 it u000 u ita u 013 $a161468 020 $a978-88-215-6531-1 040 $aSeMil$bita 100 1 $aPerrella, Salvatore Maria,$c.$0(OLS)http://semarc/name/23811 245 10$aAnglicani e cattolici: «...con Maria la Madre di Gesł» (At 1,14) :$bsaggio di mariologia ecumenica /$cSalvatore M. Perrella ; prefazione di Angelo Amato. 260 $aCinisello Balsamo :$bSan Paolo,$c2009. 300 $a407 p. ;$c22 cm. 490 0 $aAlma Mater. Mariologia postconciliare [San Paolo] ;$v30 650 4$aMariologia.$0(OLS)http://semarc/subject/451 650 4$aMaria - Ecumenismo.$0(OLS)http://semarc/subject/34686 650 4$aMovimento ecumenico.$0(OLS)http://semarc/subject/9007 700 1 $aAmato, Angelo .$0(OLS)http://semarc/name/1474 830 0$aAlma Mater ;$v30.$0(OLS)http://semarc/title/419335 850 $aSeMil 852 $aSeMil$W1$xVenegono$y1$m2L III 106$j134200$B134200$CSeMilBibl$Z2$F146192 $81 961 $aOmaggio per recensione: Scuola Cattolica 996 $6020$a978-88-215-6531-1$9(OLS)http://semarc/number/173258 996 $6245$aAnglicani e cattolici: «...con Maria la Madre di Gesł» (At 1,14) :$bsaggio di mariologia ecumenica$9(OLS)http://semarc/title/263390 996 $6260$aCinisello Balsamo :$bSan Paolo$9(OLS)http://semarc/publisher/30129